Central Library OPAC University of Rajshahi

The lore of living plants / (Record no. 72635)

MARC details
000 -LEADER
fixed length control field 01043nam a2200265 a 4500
001 - CONTROL NUMBER
control field 72635
003 - CONTROL NUMBER IDENTIFIER
rucl marc code BD-RjUL
005 - DATE AND TIME OF LATEST TRANSACTION
control field 20211209082305.0
008 - FIXED-LENGTH DATA ELEMENTS--GENERAL INFORMATION
fixed length control field 170522s1964 nyua b 001 0 eng
035 ## - SYSTEM CONTROL NUMBER
System control number (BD-RjUL)72853
040 ## - CATALOGING SOURCE
Original cataloging agency DLC
Transcribing agency DLC
Modifying agency DLC
-- BD-RjUL
Language of cataloging eng
041 ## - LANGUAGE CODE
Language code of text/sound track or separate title eng
082 00 - DEWEY DECIMAL CLASSIFICATION NUMBER
Classification number 581.1
Author mark and year OVL 1964
100 1# - MAIN ENTRY--PERSONAL NAME
Personal name Van Overbeek, Johannes,
Dates associated with a name 1908-
9 (RLIN) 214847
245 14 - TITLE STATEMENT
Title The lore of living plants /
Statement of responsibility, etc. Johannes Van Overbeek ; Activities by Harry K. Wong. Advisory group: Harry A. Borthwick, Phyllis Gross [and] Addison E. Lee. Produced by the National Science Teachers Association in cooperation with the U.S. Dept. of Agriculture, Agricultural Research Service.
260 ## - PUBLICATION, DISTRIBUTION, ETC. (IMPRINT)
Place of publication, distribution, etc. New York :
Name of publisher, distributor, etc. McGraw-Hill,
Date of publication, distribution, etc. 1964.
300 ## - PHYSICAL DESCRIPTION
Pagination 160 p. :
Illustrations ill. ;
Size 21 cm.
490 0# - SERIES STATEMENT
Series statement A Vistas of science book.
500 ## - GENERAL NOTE
General note Includes index.
504 ## - BIBLIOGRAPHY, ETC. NOTE
Bibliography, etc Bibliography: p. 154.
650 #0 - SUBJECT ADDED ENTRY--TOPICAL TERM
Topical term or geographic name as entry element Plant physiology.
9 (RLIN) 214848
710 2# - ADDED ENTRY--CORPORATE NAME
Corporate name or jurisdiction name as entry element National Science Teachers Association.
9 (RLIN) 214849
830 ## - SERIES ADDED ENTRY--UNIFORM TITLE
Uniform title A Vistas of science book.
942 ## - ADDED ENTRY ELEMENTS (KOHA)
Source of classification or shelving scheme Dewey Decimal Classification
Koha item type Books
Holdings
Lost status Source of classification or shelving scheme Damaged status Not for loan Collection code Permanent Location Current Location Shelving location Date acquired Total Checkouts Full call number Date last seen Copy number Koha item type
  Dewey Decimal Classification   Not For Loan Non-fiction Central Library, University of Rajshahi Central Library, University of Rajshahi Reading Room 11/09/1986   581.1 OVL 1964 22/05/2017 C-1 Books
  Dewey Decimal Classification     Non-fiction Central Library, University of Rajshahi Central Library, University of Rajshahi   11/09/1986   581.1 OVL 1964 22/05/2017 C-2 Books